000 00535nam a2200193Ia 4500
003 OSt
005 20250212100942.0
008 210210b2005 xxu||||| |||| 00| 0 eng d
040 _cAL
041 _akan
082 _a915.95204K VENS
100 _aVENKATESHAMURTI (H S)
_9164622
_d ವೆಂಕಟೇಶಮೂರ್ತಿ (ಎಚ್ ಎಸ್ ).
245 _aSingari:
_bಸಿಂಗಾರಿ
260 _aBengaluru
_bSundara Prakashana
_c2005
300 _a90
690 _aTravel
_9164623
906 _a065234
942 _2ddc
_cBK
999 _c142649
_d142649